Economía de los paises en desarrollo (Registro nro. 6721)
[ vista simple ]
| 000 -LEADER | |
|---|---|
| fixed length control field | 01346 a2200193 4500 |
| 001 - CONTROL NUMBER | |
| control field | 59515 |
| 005 - DATE AND TIME OF LATEST TRANSACTION | |
| control field | 20260407155849.0 |
| 008 - FIXED-LENGTH DATA ELEMENTS--GENERAL INFORMATION | |
| fixed length control field | 260407a1965 arg spa d |
| 003 - CONTROL NUMBER IDENTIFIER | |
| control field | AR-UNSa-BCEJYS |
| 040 ## - CATALOGING SOURCE | |
| Original cataloging agency | AR-UNSa-BCEJYS |
| Language of cataloging | spa |
| Transcribing agency | AR-UNSa-BCEJYS |
| 080 ## - UNIVERSAL DECIMAL CLASSIFICATION NUMBER | |
| Universal Decimal Classification number | 339.9 |
| Common auxiliary subdivision | Economía internacional en general. Relaciones económicas internacionales. Economía mundial |
| 100 1# - MAIN ENTRY--PERSONAL NAME | |
| Personal name | Myint, H. |
| 245 10 - TITLE STATEMENT | |
| Title | Economía de los paises en desarrollo |
| 264 #1 - PRODUCTION, PUBLICATION, DISTRIBUTION, MANUFACTURE, AND COPYRIGHT NOTICE | |
| Place of production, publication, distribution, manufacture | Madrid : |
| Name of producer, publisher, distributor, manufacturer | Ediciones Rialp |
| Date of production, publication, distribution, manufacture, or copyright notice | 1965 |
| 300 ## - PHYSICAL DESCRIPTION | |
| Extent | 178 p. |
| Dimensions | 24 cm. |
| 505 ## - FORMATTED CONTENTS NOTE | |
| Formatted contents note | 1. Introducción: El enfoque posbélico hacia los países subdesarrollados - 2. La expansión de las exportaciones y el crecimiento de la población - 3. Las exportaciones campesinas y el crecimiento de la economía monetaria - 4. Las minas y las plantaciones y el crecimiento de la economía de salarios - 5. Dualismo financiero y dependencia e independencia monetarias - 6. La presión de la población y las necesidades globales de capital - 7. El esfuerzo crítico mínimo para el desarrollo económico y el tamaño del programa de crecimiento equilibrado - 8. El sendero del crecimiento equilibrado y la tasa del desarrollo - 9. Comercio internacional y desarrollo económico - 10. Conclusiones: Problemas generales de la política de desarrollo - |
| 590 ## - LOCAL NOTE (RLIN) | |
| Local note | niveau_biblio:m niveau_hierar:0 |
| 942 ## - ADDED ENTRY ELEMENTS (KOHA) | |
| Koha item type | |
| Withdrawn status | Lost status | Damaged status | Not for loan | Home library | Current library | Shelving location | Date acquired | Total checkouts | Full call number | Barcode | Date last seen | Price effective from | Koha item type |
|---|---|---|---|---|---|---|---|---|---|---|---|---|---|
| Biblioteca Prof. Eusebio Cleto del Rey | Biblioteca Prof. Eusebio Cleto del Rey | 07/04/2026 | 339.9 M995 | L21963 | 07/04/2026 | 07/04/2026 | Libro |